Normal view MARC view
  • Comportamiento del consumidor

Entry Materia

Number of records used in: 15

001 - NÚMERO DE CONTROL DEL REGISTRO

  • campo de control: 3037

003 - IDENTIFICADOR DE NUMERO DE CONTROL

  • campo de control: MX-MxUPN

005 - FECHA Y HORA DE LA ÚLTIMA TRANSACCIÓN

  • campo de control: 20250509130701.0

008 - DATOS DE LONGITUD FIJA

  • campo de control de longitud fija: 250509n| acnnnbabn | ana |d

035 ## - NÚMERO DE CONTROL DEL SISTEMA

  • Número de control del sistema: UPN10000003037

040 ## - FUENTE DE LA CATALOGACIÓN

  • Centro catalogador de origen: MX-MxUPN
  • Lengua de catalogación: spa
  • Agencia de transcripción: MX-MxUPN

053 #4 - NÚMERO CLASIFICADOR - BIBLIOTECA DEL CONGRESO (LC)

  • Elemento numérico de la clasificación - Número único o no. inicial del rango: HF5415.32

150 ## - ENCABEZAMIENTO - TEMÁTICO

  • Término de materia o nombre geográfico como elemento inicial: Comportamiento del consumidor

450 ## - VÉASE - MATERIA

  • Encabezamiento temático: Conducta del consumidor

670 ## - FUENTE EN LA QUE SE LOCALIZARON DATOS

  • Cita de la fuente: A

680 ## - NOTA GENERAL CON DESPLIEGUE PÚBLICO

  • Texto explicativo: Aquí se asientan los trabajos sobre los procedimientos de toma de decisiones, los factores externos, y las características individuales de los consumidores que determinan su comportamiento de compra. Los trabajos sobre la selección y el uso eficiente de los bienes y servicios y sobre métodos de educar a consumidores se incorporan bajo
  • Encabezamiento: EDUCACION DEL CONSUMIDOR

902 ## - CATALOGADOR

  • Catalogador: BDV/230206